000 00491nam a2200181 a 4500
001 157171
003 OSt
005 20250307160042.0
008 191022 ### HIN
020 _a9788177589160
082 _a530.12
_bS29A
100 _aSakurai, J. J.
245 _aAdvanced quantum mechanics
_cby J. J. Sakurai
260 _aNoida
_bPearson India Education Service Private Ltd.
_c2006, 2024
300 _a344p.
_bPbk
653 _aQuantum field theory
942 _2ddc
_cBK
999 _c19556
_d19556